Statistics for Countries that Speak Portuguese

Click here to take the quiz!

General Stats

  • This quiz has been taken 72 times
    (18 since last reset)
  • The average score is 6 of 9

Answer Stats

Country % Correct
Brazil
100%
Portugal
100%
Angola
89%
Mozambique
83%
São Tomé and Príncipe
72%
Cape Verde
61%
Equatorial Guinea
56%
Guinea-Bissau
44%
East Timor
39%

Score Distribution

Percentile by Number Answered

Percent of People with Each Score

Your Score History

You have not taken this quiz since the last reset